Алхімія свободи (Запис № 579554)
[ простий вигляд ]
| 000 -Лідер | |
|---|---|
| fixed length control field | 01706 a2200241 4500 |
| 003 - Ідентифікатор контрольного номера | |
| control field | UA-OsUOA |
| 005 - Дата та час останнього входження (трансакції) | |
| control field | 20251204093118.0 |
| 008 - Елементи даних фіксованої довжини – загальна інформація | |
| fixed length control field | 251204b un ||||| |||| 00| 0 ukr d |
| 020 ## - Міжнародний стандартний книжковий номер (ISBN) | |
| Міжнародний стандартний книжковий номер (ISBN) (НП) | 9786178023928 |
| 040 ## - Джерело каталогізації | |
| Мова каталогізації | ukr |
| Агенція, яка здійснювала перезапис | UA-OsUOA |
| 080 ## - Індекс Універсальної десяткової класифікації | |
| Індекс Універсальної десяткової класифікації (УДК) (НП) | 821.161.2 |
| 090 ## - Локальний шифр розміщення | |
| Класифікаційний індекс УДК | 821.161.2 |
| Авторський знак (НП) | К29 |
| 100 ## - Основне введення – ім’я особи | |
| Ім’я особи (НП) | Каторож Я. |
| 9 (RLIN) | 22926 |
| 245 ## - Відомості про назву | |
| Назва (НП) | Алхімія свободи |
| Дані про відповідальність (НП) | Ярина Каторож |
| 260 ## - Публікація, розповсюдження і т.п. (Вихідні дані) | |
| Місце публікації, розповсюдження і т.п. (П) | Харків |
| Ім’я/ наймення видавництва, розповсюджувача і т.п. (П) | Жорж |
| Дата публікації, розповсюдження і т.п. (П) | 2024 |
| 300 ## - Фізичний опис | |
| Обсяг | 400 с. |
| 490 ## - Область серії | |
| Назва серії | Художня література |
| 520 ## - Резюме і т.п. | |
| Резюме, реферат, анотація, тощо (НП) | Медина — майбутній алхімік. Марк — молодший принц, який може тільки мріяти про те, щоб стати королем. Ледь не загинувши в коловороті гірської річки, вони обоє потрапляють у ще більш небезпечний вир темної магії.<br/><br/>Чорна орда насувається з-за моря. Жорстокий і сильний ворог загрожує знищити все навколо й занурити міста і села в цілковиту пітьму. Ні військові, ні алхіміки не в змозі зупинити загарбників — знання, потрібні для цього, давно забуті. А Марк та Медина ризикують стати зброєю у ворожих руках...<br/><br/> |
| 650 ## - Додаткове предметне введення – тематичний термін | |
| Тематичний термін чи географічна назва, як елемент введення (НП) | 821.161.2 Українська література |
| 9 (RLIN) | 41 |
| 942 ## - Додаткові елементи входу (Коха) | |
| Тип елемента Koha | Книги |
| Source of classification or shelving scheme | Universal Decimal Classification |
| 955 ## - Код типу видання за змістом | |
| Код типу видання за змістом (НП) | Літературно-художні видання |
| Стан вилучень | Стан втрат | Джерело класифікації або схеми стелажів | Стан уражень | Не для кредиту | Постійне місце розташування | Поточне розміщення | Дата придбання | Джерело придбання | Вартість, звичайна ціна покупки | Усього замовленно | Повний номер виклику | Штрих-код | Дата останнього перегляду | Вартість, ціна заміни | Ціна ефективна від | Тип елемента Koha | Примітка, призначена для загального доступу |
|---|---|---|---|---|---|---|---|---|---|---|---|---|---|---|---|---|---|
| Universal Decimal Classification | АБ - Абонемент НБ | АБ - Абонемент НБ | 04/12/2025 | №64/27.11.2025 | 150.00 | 821.161.2 К29 | 169164 | 04/12/2025 | 150.00 | 04/12/2025 | Книги | подарувала Каторож Я., з автографом |